[Event "Maastricht Limburg op-C 5th"]
[Site "Maastricht"]
[Date "2011.06.13"]
[Round "6"]
[White "Van Broekhoven, Stefan"]
[Black "Disters, Ingrid"]
[Result "1-0"]
[WhiteElo "1415"]
[BlackElo "1101"]
[PlyCount "63"]
[EventDate "2011.06.10"]
[EventType "swiss"]
[EventRounds "7"]
[EventCountry "NED"]
[SourceTitle "EXT 2012"]
[Source "ChessBase"]
[SourceDate "2011.11.24"]
[SourceVersion "1"]
[SourceVersionDate "2011.11.24"]
[SourceQuality "1"]

1. e4 d5 2. exd5 Qxd5 3. Nc3 Qa5 4. Bc4 Nf6 5. Nge2 c6 6. 0-0 Bg4 7. d4 e6 8. a3 Qd8 9. Bg5 Be7 10. f3 Bf5 11. Ng3 Bg6 12. Nce2 h6 13. Bh4 Nbd7 14. a4 a6 15. c3 Qc7 16. Qd2 0-0 17. Bb3 Rfe8 18. Rad1 Qb6 19. Bc2 Bxc2 20. Qxc2 Rad8 21. Bxf6 Nxf6 22. b4 Bd6 23. Ne4 Nxe4 24. fxe4 Rf8 25. e5 Be7 26. a5 Qc7 27. Nf4 Qd7 28. Rd3 Bg5 29. Nh5 Qe7 30. Rg3 Kh8 31. h4 Bxh4 32. Rxg7 1-0

[Event "Maastricht Limburg op-C 4th"]
[Site "Maastricht"]
[Date "2010.05.24"]
[Round "7"]
[White "Van Broekhoven, Stefan"]
[Black "Visse, Bernard"]
[Result "0-1"]
[WhiteElo "1309"]
[BlackElo "1641"]
[PlyCount "96"]
[EventDate "2010.05.21"]
[EventType "swiss"]
[EventRounds "7"]
[EventCountry "NED"]
[SourceTitle "EXT 2011"]
[Source "ChessBase"]
[SourceDate "2010.11.26"]
[SourceVersion "1"]
[SourceVersionDate "2010.11.26"]
[SourceQuality "1"]

1. e4 c5 2. Bc4 a6 3. a4 Nc6 4. Nc3 Nf6 5. Nf3 e6 6. d3 Be7 7. 0-0 d6 8. Re1 0-0 9. h3 Bd7 10. Be3 Qc8 11. Qd2 e5 12. Nd5 Nxd5 13. Bxd5 Be6 14. Bxc6 bxc6 15. c4 Rb8 16. Rab1 f5 17. Bg5 Bxg5 18. Nxg5 f4 19. Nxe6 Qxe6 20. b4 cxb4 21. Rxb4 c5 22. Rxb8 Rxb8 23. Qa5 Qc8 24. Qc3 Rb4 25. Qc2 a5 26. Kh2 Qe8 27. Ra1 h6 28. Qd1 Kh7 29. Qg4 Rb3 30. Qd1 Rb2 31. Qf3 Qg6 32. Rg1 Qf6 33. Rf1 Ra2 34. Qd1 Qh4 35. Qg4 Qxg4 36. hxg4 Rxa4 37. Re1 Ra2 38. Kg1 a4 39. g3 g5 40. gxf4 gxf4 41. Kg2 Kg6 42. Rh1 a3 43. Kf3 Rb2 44. Rf1 a2 45. Ra1 Rd2 46. Kg2 Kg5 47. Kf1 f3 48. Ke1 Rb2 0-1

[Event "Maastricht Limburg op-C 4th"]
[Site "Maastricht"]
[Date "2010.05.21"]
[Round "1"]
[White "Van Broekhoven, Stefan"]
[Black "Gerlagh, Joris"]
[Result "0-1"]
[WhiteElo "1309"]
[BlackElo "1654"]
[PlyCount "82"]
[EventDate "2010.05.21"]
[EventType "swiss"]
[EventRounds "7"]
[EventCountry "NED"]
[SourceTitle "EXT 2011"]
[Source "ChessBase"]
[SourceDate "2010.11.26"]
[SourceVersion "1"]
[SourceVersionDate "2010.11.26"]
[SourceQuality "1"]

1. e4 c5 2. Bc4 Nc6 3. d3 e6 4. Nc3 Nf6 5. Nf3 d5 6. exd5 exd5 7. Qe2+ Be7 8. Bb5 0-0 9. Bxc6 bxc6 10. d4 Bg4 11. Be3 cxd4 12. Bxd4 c5 13. Bxf6 Bxf6 14. 0-0 Bxc3 15. bxc3 Qf6 16. h3 Rfe8 17. Qd3 Bxf3 18. Qxf3 Qxf3 19. gxf3 Re2 20. Rad1 Rxc2 21. Rxd5 Rxc3 22. Rfd1 g6 23. Kg2 Ra3 24. Rxc5 Rxa2 25. Rc7 Ra5 26. Rdd7 Rg5+ 27. Kh2 Rf5 28. Kg3 a5 29. Rd3 Rb8 30. f4 Rb4 31. Rf3 Kg7 32. Rc1 h5 33. Rg1 Kh6 34. h4 Kg7 35. Rg2 f6 36. Rg1 g5 37. hxg5 fxg5 38. Kh2 g4 39. Rgg3 Kh6 40. Rc3 Rbxf4 41. f3 Rxf3 0-1